000 00847nam a2200229Ii 4500
003 JO-AjNU
008 230605s9999||||xx |||||||||||||| ||und||
017 _a38720
020 _a9957-16-119-9
040 _aJO-AjNU
_bara
_erda
_cJO-AjNU
041 _aara
050 1 4 _aJC348.K44.2006
100 3 _aالخطيب ، نعمان احمد ،مؤلف ,
_eauthor
_911654
245 0 0 _aالوسيط في النظم السياسية والقانون الدستوري
250 _aط1
264 3 1 _aعمان : دار الثقافة ،2010
300 _a656ص
_bيشتمل على ببلوغرافيا ص ( 610 - 615 ) ويشتمل على ملاحق ص ( 616 -644 )
336 _atext
_btxt
_2rdacontent
337 _aunmediated
_bn
_2rdamedia
338 _avolume
_bnc
_2rdacarrier
650 4 _aالقانون الدستوري -- الاردن
_911655
999 _aA2436
_c6004
_d6004